00566nam a2200157 a 4500020001800000082002000018100002000038245007400058260004400132300000900176500003500185650003000220942000700250952013600257999001500393 a0300056974 00a305.420956bKED aKeddie, R Nikki aWomen in Middle Eastern History Shifting Boundaries in Sex and Gender aNew HavenbYale University Press c1992 a343p aincludes index and biblioraphy aWomen-Middle East-History cBK 001040708StackRoom-aHMIbHMId2011-05-06g750.00l1m1o305.420956 KEDp015275r2019-03-15s2019-02-01v750.00w2007-04-05yBK c9494d9494